Survey of the Bible: (Record no. 3777)

000 -LEADER
fixed length control field 00603nam a2200181 a 4500
001 - CONTROL NUMBER
control field :::00001512$&:&@@
003 - CONTROL NUMBER IDENTIFIER
control field OkBaRHE
005 - DATE AND TIME OF LATEST TRANSACTION
control field 20000607103244.0
008 - FIXED-LENGTH DATA ELEMENTS--GENERAL INFORMATION
fixed length control field s1960 j 000 0 eng u
040 ## - CATALOGING SOURCE
Transcribing agency
100 1# - MAIN ENTRY--PERSONAL NAME
Personal name Mears, Henrietta Cornelia, 1890- ,
245 10 - TITLE STATEMENT
Title Survey of the Bible:
Remainder of title Bible truth series.
260 ## - PUBLICATION, DISTRIBUTION, ETC. (IMPRINT)
Place of publication, distribution, etc Glendale, CA., :
Name of publisher, distributor, etc Gospel Light Publications
Date of publication, distribution, etc 1960
300 ## - PHYSICAL DESCRIPTION
Extent 440 p. : illus. ;
Dimensions 22 cm.
650 ## - SUBJECT ADDED ENTRY--TOPICAL TERM
Topical term or geographic name as entry element Bible
General subdivision Study
-- Outlines, Syllabi, etc.
942 ## - ADDED ENTRY ELEMENTS (KOHA)
Source of classification or shelving scheme
Koha item type Books
Copies
Source of classification or shelving scheme Lost status Price effective from Date last seen Permanent Location Barcode Date acquired Damaged status Not for loan Withdrawn status Copy number Full call number Shelving location Koha item type
  2010-04-142018-03-12RHEMA Bible Training College15122010-04-14   1BS 591 .M296General StacksBooks